| 000 | 00705nam a2200205 a 4500 | ||
|---|---|---|---|
| 001 | 22344 | ||
| 003 | BD-RjUL | ||
| 005 | 20211209000809.0 | ||
| 008 | 190312s1933 ii | 00| 0 eng | ||
| 035 | _a(BD-RjUL) 22409 | ||
| 040 |
_aBD-RjUL _cBD-RjUL _dBD-RjUL _beng |
||
| 041 | _aeng | ||
| 082 |
_a305.56880954 _bGAM 1933 _223 |
||
| 100 | 1 |
_aGandhi, Mahatma _9229274 |
|
| 245 | 1 | 0 |
_aMy soul's agony: _bBeing Gandhiji's statements issue from Yeravda Prison on the removal of untouchability among Hindus / _cMahatma Gandhi |
| 260 |
_aBombay : _aBombay Provincial Board, Servants of Untouchables Society, _b[1933?] |
||
| 300 |
_a[4], 154 p. ; _c19 cm |
||
| 650 |
_aDalits. _zIndia _9229275 |
||
| 942 |
_2ddc _cRAR |
||
| 999 |
_c22344 _d22344 |
||